Wszystkie współczesne państwa kontrolowane przez Austrię - Statystyki

Ogólne statystyki
  • Ten quiz został rozwiązany 5 404 razy
  • Średni wynik to 24 z 26
Odpowiedzi na mapie
Odpowiedzi zakodowano w zielono-czerwonej skali na mapie do tego quizu, zgodnie z poniższymi procentami.
 
Statystyki odpowiedzi
Państwo % Poprawnych
Austria
99%
Belgia
99%
Czechy
99%
Francja
99%
Holandia
99%
Niemcy
99%
Polska
99%
Rumunia
99%
Słowacja
99%
Włochy
99%
Bośnia i Hercegowina
98%
Chorwacja
98%
Serbia
98%
Słowenia
98%
Ukraina
98%
Węgry
98%
Albania
97%
Luksemburg
97%
Szwajcaria
97%
Czarnogóra
96%
Kosowo
96%
Liechtenstein
94%
Hiszpania
91%
Indie
90%
Mozambik
52%
Chiny
43%
Nie znaleziono quizów pasujących do podanych kryteriów
Rozkład punktacji
Procent ludzi z każdym wynikiem
Percentyl według liczby udzielonych odpowiedzi
Twoja historia wyników
Nie rozwiązałeś tego quizu